Konfuziloj wartaj, kiuj faras nian langan linguan malfacila

Bibliographic Details
Main Author: Wierzbowski, Przemysław (Author)
Format: Book
Language:Esperanto
PhysicalDescription:152 strán fotografie, ilustrácie 21 cm
Published: [Partizánske] Espero [2014]
ISBN:9788089366224
Subjects:

MARC

LEADER 00000cam a2200000 4500
001 vtls011746292
003 SK-MaSNL
005 20260302093611.0
008 180315s2014 xo oa grf 000 0 epo
015 |a SNBA2018/05 
020 |a 9788089366224  |q (brožovanée) 
040 |a SNK  |b slo  |c SNK  |e rda 
041 0 |a epo 
044 |a xo  |c SK 
072 7 |a 81  |x Lingvistika. Jazyky  |2 konspekt 
080 |a 811.922  |2 2011 
080 |a 81  |2 2011 
080 |a 81'36  |2 2011 
080 |a (07.062)81  |2 2011 
080 |a (035)  |2 2011 
100 1 |a Wierzbowski, Przemysław  |4 aut  |9 764613 
245 1 0 |a Konfuziloj  |b wartaj, kiuj faras nian langan linguan malfacila  |c Przemysław Wierzbowski 
246 3 3 |a Konfuziloj  |b wartaj, kiuj faras nian linguan malfacila 
264 1 |a [Partizánske]  |b Espero  |c [2014] 
300 |a 152 strán  |b fotografie, ilustrácie  |c 21 cm 
336 |a text  |b txt  |2 rdacontent 
336 |a statický obraz  |b sti  |2 rdacontent 
337 |a bez média  |b n  |2 rdamedia 
338 |a zväzok  |b nc  |2 rdacarrier 
500 |a Názov z obalu ; na dokumente je v názve slovo "langan" prečiarknuté 
500 |a Vydavateľské údaje podľa NA ISBN 
500 |a Hrebeňová väzba ; text v publikácií orientovaný na šírku 
650 0 7 |a esperanto  |2 SNKPH  |9 22400 
650 0 7 |a jazykové zvláštnosti  |2 SNKPH  |9 99418 
650 0 7 |a gramatika  |2 SNKPH  |9 865 
650 0 7 |a esperanto  |2 SNKPHeng  |9 22400 
650 0 7 |a Peculiarities of language  |2 SNKPHeng  |9 742453 
650 0 7 |a Grammar  |2 SNKPHeng  |9 278150 
655 7 |a jazykové učebnice  |2 SNKPH  |9 115083 
655 7 |a príručky  |2 SNKPH  |9 74364 
655 7 |a Language textbooks  |2 SNKPHeng  |9 307376 
655 7 |a Handbooks, manuals, etc.  |2 SNKPHeng  |9 90964 
919 |a 978-80-89366-22-4 
999 |c 1209621  |d 1211551 
952 |a SNK  |b SNK  |y PREZ  |7 0  |p 17A1322285  |o snkOSC 28369  |i snk2018/6379  |8 0  |0 0  |1 0  |4 0  |d 2018-03-15  |l 0  |r 2026-02-24 23:09:10  |w 2026-02-24 
952 |a SNK  |b SNK  |y PREZ  |7 0  |p 17A1322286  |o snkOSC 28369 D1  |i snk2018/6380  |8 0  |0 0  |1 0  |4 0  |d 2018-03-15  |l 0  |r 2026-02-24 23:09:10  |w 2026-02-24